00749 2200301 4500001002100000005001500021007000300036008004100039035002000080040001700100041000800117082001200125084001800137090001800155100001200173245003400185250001300219260003700232300003400269650000900303650001000312850001000322990002300332990002300355990002300378990002300401990002300424INLIS00000000000360620260529112356ta260529 0  a0010-0621000138 aSBPUPADbind aind a574.526 a574.526 BEN h a320 KHA e 6-60 aBeni SA1 aHutan Tropis Dunia /cBeni SA a--Cet--1 a--Jakarta :bRizky Aditya,c2008 avi, 74 hlm. :bilus. ;c21 cm 4aAlam 4aHutan aPUPAD a9189/H/KAPD-PDG/09 a9190/H/KAPD-PDG/09 a9191/H/KAPD-PDG/09 a9192/H/KAPD-PDG/09 a9193/H/KAPD-PDG/09